[Event "Steyr Landesliga 2122"]
[Site "Austria"]
[Date "2021.10.16"]
[Round "1.3"]
[White "Teuschler, Barbara"]
[Black "Goessler, Markus"]
[Result "1/2-1/2"]
[WhiteElo "2096"]
[BlackElo "2186"]
[PlyCount "60"]
[EventDate "2021.10.16"]
[EventType "team-tourn"]
[EventRounds "11"]
[EventCountry "AUT"]
[SourceTitle "EXT 2023"]
[Source "ChessBase"]
[SourceDate "2022.10.05"]
[SourceVersion "1"]
[SourceVersionDate "2022.10.05"]
[SourceQuality "1"]
[WhiteTeam "Graz Schachfreunde"]
[BlackTeam "Baernbach"]
[WhiteTeamCountry "AUT"]
[BlackTeamCountry "AUT"]

1. e4 e5 2. Nf3 Nc6 3. Bc4 Bc5 4. c3 Nf6 5. d3 d6 6. Bb3 h6 7. h3 a5 8. Nbd2 0-0 9. Nf1 Be6 10. Ng3 Bxb3 11. axb3 d5 12. Qe2 Qd7 13. 0-0 Rad8 14. Nxe5 Nxe5 15. d4 Nxe4 16. Nxe4 dxe4 17. Qxe4 Bxd4 18. cxd4 Qxd4 19. Qxb7 Qb6 20. Qe4 Rfe8 21. Qa4 Rb8 22. Bd2 Qxb3 23. Bxa5 Qxa4 24. Rxa4 Nd3 25. Rd4 Nxb2 26. Bxc7 Rbc8 27. Bg3 Nc4 28. Rc1 Nd6 29. Rxc8 Nxc8 30. Rd7 Ne7 1/2-1/2

[Event "Steyr Landesliga 1920"]
[Site "Austria"]
[Date "2019.10.19"]
[Round "3.2"]
[White "Benda, Herbert"]
[Black "Goessler, Markus"]
[Result "1/2-1/2"]
[WhiteElo "2259"]
[BlackElo "2145"]
[PlyCount "26"]
[EventDate "2019.09.28"]
[EventType "team-tourn"]
[EventRounds "11"]
[EventCountry "AUT"]
[SourceTitle "CBM 193 Extra"]
[Source "ChessBase"]
[SourceDate "2020.01.31"]
[SourceVersion "1"]
[SourceVersionDate "2020.01.31"]
[SourceQuality "1"]
[WhiteTeam "Gamlitz"]
[BlackTeam "Baernbach"]
[WhiteTeamCountry "AUT"]
[BlackTeamCountry "AUT"]

1. e4 e5 2. Nf3 Nc6 3. d4 exd4 4. Nxd4 Nf6 5. Nc3 Bb4 6. Nxc6 bxc6 7. Bd3 0-0 8. 0-0 d5 9. Qf3 Bxc3 10. bxc3 dxe4 11. Bxe4 Nxe4 12. Qxe4 Qd5 13. Qf4 Qa5 1/2-1/2

[Event "AUT-ch"]
[Site "Vienna"]
[Date "2018.07.29"]
[Round "9"]
[White "Hapala, Elisabeth"]
[Black "Goessler, Markus"]
[Result "1-0"]
[WhiteElo "2131"]
[BlackElo "2190"]
[PlyCount "107"]
[EventDate "2018.07.22"]
[EventType "swiss"]
[EventRounds "9"]
[EventCountry "AUT"]
[SourceTitle "CBM 185 Extra"]
[Source "ChessBase"]
[SourceDate "2018.07.29"]
[SourceVersion "1"]
[SourceVersionDate "2018.07.29"]
[SourceQuality "1"]

1. e4 e5 2. Nf3 Nc6 3. Bb5 a6 4. Ba4 Nf6 5. 0-0 Be7 6. Re1 b5 7. Bb3 d6 8. c3 0-0 9. h3 Nb8 10. d4 Nbd7 11. Nbd2 Bb7 12. Bc2 Re8 13. Nf1 Bf8 14. Ng3 g6 15. a4 Nb6 16. a5 Nbd7 17. Bg5 h6 18. Bd2 c5 19. d5 c4 20. Qc1 Kh7 21. Nh2 Nc5 22. Rf1 Bg7 23. f4 exf4 24. Rxf4 Qe7 25. Qf1 Rf8 26. Re1 Ncd7 27. Qf2 Ne5 28. Rf1 Nfd7 29. Nf3 Nxf3+ 30. Qxf3 Ne5 31. Qe3 Bc8 32. Ne2 Bd7 33. Nd4 Rae8 34. R4f2 Qd8 35. Nf3 Kg8 36. Nxe5 Rxe5 37. Qb6 Qxb6 38. axb6 g5 39. h4 Bc8 40. Be3 Bb7 41. hxg5 hxg5 42. Bd4 Bc8 43. Rf6 Bxf6 44. Rxf6 Rd8 45. Bxe5 dxe5 46. Rc6 Bb7 47. Rc7 Rb8 48. Bd1 f5 49. d6 Kf8 50. exf5 Ke8 51. Bh5+ Kf8 52. f6 Bd5 53. d7 Be6 54. b7 1-0

[Event "AUT-ch"]
[Site "Vienna"]
[Date "2018.07.23"]
[Round "3"]
[White "Menezes, Christoph"]
[Black "Goessler, Markus"]
[Result "1/2-1/2"]
[WhiteElo "2430"]
[BlackElo "2190"]
[PlyCount "57"]
[EventDate "2018.07.22"]
[EventType "swiss"]
[EventRounds "9"]
[EventCountry "AUT"]
[SourceTitle "CBM 185 Extra"]
[Source "ChessBase"]
[SourceDate "2018.07.29"]
[SourceVersion "1"]
[SourceVersionDate "2018.07.29"]
[SourceQuality "1"]

1. c4 Nf6 2. Nc3 e6 3. e4 d5 4. cxd5 exd5 5. e5 Ne4 6. Nf3 Bf5 7. d3 Nxc3 8. bxc3 Be7 9. d4 0-0 10. Bd3 Bxd3 11. Qxd3 Qd7 12. 0-0 Nc6 13. Ng5 Bxg5 14. Bxg5 Na5 15. f4 f5 16. exf6 gxf6 17. Bh6 Rfe8 18. f5 Re4 19. Rf3 Kh8 20. Raf1 Rg8 21. Rg3 Rxg3 22. Qxg3 Nc4 23. Bf4 Re2 24. h3 c6 25. Bh6 Nd6 26. Bf8 Nc4 27. Bh6 Nd6 28. Bf8 Nc4 29. Bh6 1/2-1/2

[Event "EU-ch blitz"]
[Site "Katowice"]
[Date "2017.12.15"]
[Round "10"]
[White "Goessler, Markus"]
[Black "Mikhalchishin, Adrian"]
[Result "0-1"]
[WhiteElo "2209"]
[BlackElo "2479"]
[PlyCount "38"]
[EventDate "2017.12.15"]
[EventType "swiss (blitz)"]
[EventRounds "22"]
[EventCountry "POL"]
[SourceTitle "CBM 182 Extra"]
[Source "ChessBase"]
[SourceDate "2018.02.23"]
[SourceVersion "1"]
[SourceVersionDate "2018.02.23"]
[SourceQuality "1"]

1. e4 e5 2. Nf3 Nc6 3. Bb5 a6 4. Ba4 Nge7 5. c3 g6 6. d4 exd4 7. cxd4 b5 8. Bc2 d5 9. exd5 Nxd5 10. 0-0 Be6 11. Ng5 Bg7 12. Nxe6 fxe6 13. Nc3 Nxd4 14. Be4 0-0 15. Be3 c5 16. Qg4 Qd6 17. Rad1 b4 18. Ne2 Nf6 19. Qf3 Nxf3+ 0-1

[Event "AUT-ch"]
[Site "Graz"]
[Date "2017.08.18"]
[Round "7"]
[White "Rieger, Robert"]
[Black "Goessler, Markus"]
[Result "1/2-1/2"]
[WhiteElo "2291"]
[BlackElo "2170"]
[PlyCount "61"]
[EventDate "2017.08.12"]
[EventType "swiss"]
[EventRounds "9"]
[EventCountry "AUT"]
[SourceTitle "CBM 180 Extra"]
[Source "ChessBase"]
[SourceDate "2017.10.06"]
[SourceVersion "1"]
[SourceVersionDate "2017.10.06"]
[SourceQuality "1"]

1. e4 e5 2. Nf3 Nc6 3. d4 exd4 4. Nxd4 Nf6 5. Nc3 Bb4 6. Nxc6 bxc6 7. Bd3 0-0 8. 0-0 d5 9. exd5 cxd5 10. h3 Rb8 11. Qf3 c6 12. Bf4 Bd6 13. b3 Rb4 14. Bxd6 Qxd6 15. Rae1 Be6 16. Qe3 c5 17. Qg3 Qxg3 18. fxg3 a5 19. g4 h6 20. Re5 Nd7 21. Re2 d4 22. Na4 c4 23. Bf5 d3 24. cxd3 cxb3 25. axb3 Bxb3 26. Bxd7 Bxa4 27. Bxa4 Rxa4 28. Re7 Rd4 29. Ra7 Rxd3 30. Rxa5 Rd7 31. Ra2 1/2-1/2

[Event "Graz op-A"]
[Site "Graz"]
[Date "2016.02.12"]
[Round "1"]
[White "Pap, Gyula"]
[Black "Goessler, Markus"]
[Result "1-0"]
[WhiteElo "2542"]
[BlackElo "2175"]
[PlyCount "69"]
[EventDate "2016.02.12"]
[EventType "swiss"]
[EventRounds "9"]
[EventCountry "AUT"]
[SourceTitle "CBM 170 Extra"]
[Source "ChessBase"]
[SourceDate "2016.02.25"]
[SourceVersion "1"]
[SourceVersionDate "2016.02.25"]
[SourceQuality "1"]

1. e4 e5 2. Nf3 Nc6 3. Bb5 a6 4. Ba4 Nf6 5. 0-0 Be7 6. d3 b5 7. Bb3 d6 8. a3 0-0 9. Nc3 Bg4 10. Be3 Nd4 11. Bxd4 exd4 12. Nd5 c6 13. h3 Bxf3 14. Nxf6+ Bxf6 15. Qxf3 Qd7 16. a4 b4 17. a5 Rfe8 18. Qg3 Re5 19. f4 Rc5 20. Kh1 Qc7 21. Ra4 Rb8 22. Qe1 Qb7 23. Qf2 Qc7 24. Re1 Qe7 25. Re2 Qc7 26. Re1 Qe7 27. Bc4 Qb7 28. Re2 Qc7 29. Qe1 Rxa5 30. Rxa5 Qxa5 31. e5 dxe5 32. fxe5 Be7 33. Qf1 Rf8 34. Rf2 Qxe5 35. Rxf7 1-0

[Event "Leitersdorf op"]
[Site "Leitersdorf"]
[Date "2016.01.05"]
[Round "4"]
[White "Goessler, Markus"]
[Black "Halvax, Georg"]
[Result "1/2-1/2"]
[WhiteElo "2177"]
[BlackElo "2343"]
[PlyCount "36"]
[EventDate "2016.01.02"]
[EventType "swiss"]
[EventRounds "5"]
[EventCountry "AUT"]
[SourceTitle "CBM 170 Extra"]
[Source "ChessBase"]
[SourceDate "2016.02.25"]
[SourceVersion "1"]
[SourceVersionDate "2016.02.25"]
[SourceQuality "1"]

1. e4 d6 2. d4 Nf6 3. Nc3 g6 4. Be3 c6 5. h3 b5 6. Bd3 Nbd7 7. Nf3 e5 8. dxe5 dxe5 9. a4 b4 10. Ne2 Bg7 11. 0-0 0-0 12. c3 c5 13. a5 Bb7 14. Nd2 Qe7 15. a6 Bc6 16. cxb4 cxb4 17. Rc1 Rfc8 18. f3 Nf8 1/2-1/2

[Event "Graz op 20th"]
[Site "Graz"]
[Date "2013.08.26"]
[Round "3"]
[White "Ragger, Anna Christina"]
[Black "Goessler, Markus"]
[Result "1-0"]
[WhiteElo "2267"]
[BlackElo "2124"]
[PlyCount "41"]
[EventDate "2013.08.24"]
[EventType "swiss"]
[EventRounds "9"]
[EventCountry "AUT"]
[SourceTitle "CBM 156 Extra"]
[Source "ChessBase"]
[SourceDate "2013.10.22"]
[SourceVersion "1"]
[SourceVersionDate "2013.10.22"]
[SourceQuality "1"]

1. Nc3 e5 2. Nf3 Nc6 3. d4 exd4 4. Nxd4 Nf6 5. Bg5 Bb4 6. Nxc6 bxc6 7. Qd4 Be7 8. e4 d5 9. 0-0-0 Be6 10. exd5 cxd5 11. Bb5+ Kf8 12. Bc6 Rb8 13. Nxd5 Nxd5 14. Bxe7+ Qxe7 15. Bxd5 Rd8 16. Qc4 Rd6 17. Bxe6 Rxe6 18. Qd4 c5 19. Qd8+ Qe8 20. Qc7 Re7 21. Qa5 1-0

[Event "Styrian op-A"]
[Site "Bad Gleichenberg"]
[Date "2013.07.14"]
[Round "9"]
[White "Eichhorn, Andreas"]
[Black "Goessler, Markus"]
[Result "1-0"]
[WhiteElo "2340"]
[BlackElo "2126"]
[PlyCount "49"]
[EventDate "2013.07.06"]
[EventType "swiss"]
[EventRounds "9"]
[EventCountry "AUT"]
[SourceTitle "CBM 155 Extra"]
[Source "ChessBase"]
[SourceDate "2013.08.26"]
[SourceVersion "1"]
[SourceVersionDate "2013.08.26"]
[SourceQuality "1"]

1. c4 e5 2. Nc3 Nf6 3. Nf3 Nc6 4. e4 Bc5 5. Nxe5 Nxe5 6. d4 Bb4 7. dxe5 Nxe4 8. Qd4 Bxc3+ 9. bxc3 Ng5 10. Ba3 b6 11. f4 Ne6 12. Qf2 c5 13. f5 Nc7 14. 0-0-0 0-0 15. f6 Re8 16. Qg3 g6 17. h4 Re6 18. h5 Qe8 19. Qh4 Rxe5 20. hxg6 h5 21. gxf7+ Kxf7 22. Be2 Rxe2 23. Qxh5+ Kf8 24. Qh8+ Kf7 25. Qg7+ 1-0